=LDR 00000nam 2200000 4500 =001 INLIS000000000015981 =005 20200806012302 =035 ##$$a 0010-061300000015981 =008 200806################g##########0#ind## =041 ##$$a Ind =082 ##$$a 2x7.42 =090 ##$$a 2x7.42, Rom i =100 1#$$a Romli, Asep Syamsul M =245 1#$$a Isu-isu dunia Islam /$c Asep Syamsul M. Romli =260 ##$$a Yogyakarta :$b Dinamika,$c 1996 =300 ##$$a 195 hlm., ; $c 12x18 cm =650 #4$$a Agama Islam pembaharuan pemikiran =850 ##$$a NBPNMAT =084 ##$$a 2x7.42 ROM i =250 ##$$a cet.1 =990 ##$$a 109.350/Pb-97 =990 ##$$a 109.351/Pb-97 =990 ##$$a 114.674/Pro-97